|
|
|
|
| LEADER |
00000nam a22000007a 4500 |
| 005 |
20190926222745.0 |
| 007 |
cr|||| |||| |
| 008 |
190926c20019999us fr|w s|||| 0|||b1eng d |
| 022 |
|
|
|a 1533-4724
|
| 035 |
|
|
|a 6137
|
| 040 |
|
|
|a vLex
|
| 090 |
|
|
|c 9647
|d 9647
|
| 245 |
0 |
0 |
|a Journal of Appellate Practice and Process
|h [Recurso electrn̤ico] /
|
| 256 |
|
|
|a Servicio en ln̕ea
|
| 260 |
|
|
|a Little Rock:
|b University of Arkansas at Little Rock William H. Bowen School of Law,
|c 2001 -
|
| 300 |
|
|
|a 1 recurso electrn̤ico
|
| 310 |
|
|
|a Semestral
|
| 506 |
1 |
|
|a Disponible solo en los productos indicados
|d vLex Global
|d vLex Global (Academic Edition, excluding Law Schools)
|d vLex Global (Academic Edition, Law Schools)
|
| 650 |
0 |
4 |
|a Derecho Procesal
|z Estados Unidos
|
| 740 |
0 |
|
|a vLex Revistas (Servicio en ln̕ea)
|
| 856 |
4 |
0 |
|u http://vlex.com/source/journal-appellate-practice-process-6137
|z Acceso restringido
|
| 942 |
|
|
|c REV
|
| 999 |
0 |
|
|a Procedural law
|